000 01122nam0a22002411 4500
001 rc\2618071
005 20260406201412.0
035 _a(NLR Aleph) 006781798
090 _a6052109
_c6052109
100 _a20110914d1931 |||y0rusy50 ca
101 0 _arus
102 _aRU
105 _ay z |||||
200 1 _aОтчетно-перевыборная кампания ленинградской жилищной кооперации и очередные задачи ЖАКТ и РЖСКТ
_eТезисы для беседчиков и докладчиков
_fСоставил зав. Орготд. член Правл. Лен. облжилсоюза В. Уколов
210 _a[Ленинград]
_cОрготд. Леноблжилсоюза
_d1931
_g1-я тип. изд-ва ЛОиС
215 _a24 с.
_d14х11 см.
702 1 _aУколов
_bВл.
_4220
710 0 2 _aЛенинградский областной союз жилищной кооперации
_3RU\NLR\AUTH\889961104
_9418523
801 0 _aRU
_bNLR
_gpsbo
801 1 _aRU
_bELAR
_2rusmarc
852 _aNLR
_j31-8/5705
942 _cBOOK
980 _aNB